000 00976das a2200277 a 4500
022 _a0068-1156
040 _cWAL
082 _a032 ENC 1990 A123 Or.
245 0 0 _aBritannica book of the year.
246 1 _aEncyclopaedia Britannica book of the year
246 3 0 _aBook of the year
246 1 8 _aBritannica world data annual
260 _aChicago :
_bEncyclopaedia Britannica, Inc.
300 _av. :
_bill. ;
_c29 cm.
500 _a"The Britannica book of the year bridges the gap between editions [of the Encyclopaedia Britannica]."
500 _aIssues for 1985-<2000> include: Britannica world data; for <2002-2003> include: World data.
500 _aDescription based on: 1939.
500 _aLatest issue consulted: 2003.
650 0 _aEncyclopedias and dictionaries.
650 0 _aYearbooks.
650 0 _aHistory, Modern
650 0 _aHistory, Modern
650 2 _aEncyclopedias as Topic.
710 2 _aEncyclopaedia Britannica, inc.
942 _cEK
999 _c16815
_d16815